<?xml version="1.0" encoding="UTF-8"?><?xml-stylesheet type="text/xsl" href="static/style.xsl"?><OAI-PMH xmlns="http://www.openarchives.org/OAI/2.0/" xmlns:xsi="http://www.w3.org/2001/XMLSchema-instance" xsi:schemaLocation="http://www.openarchives.org/OAI/2.0/ http://www.openarchives.org/OAI/2.0/OAI-PMH.xsd"><responseDate>2026-04-14T05:51:07Z</responseDate><request verb="GetRecord" identifier="oai:www.recercat.cat:10459.1/72758" metadataPrefix="marc">https://recercat.cat/oai/request</request><GetRecord><record><header><identifier>oai:recercat.cat:10459.1/72758</identifier><datestamp>2024-12-05T22:49:16Z</datestamp><setSpec>com_2072_3622</setSpec><setSpec>col_2072_479130</setSpec></header><metadata><record xmlns="http://www.loc.gov/MARC21/slim" xmlns:dcterms="http://purl.org/dc/terms/" xmlns:xsi="http://www.w3.org/2001/XMLSchema-instance" xmlns:doc="http://www.lyncode.com/xoai" xsi:schemaLocation="http://www.loc.gov/MARC21/slim http://www.loc.gov/standards/marcxml/schema/MARC21slim.xsd">
   <leader>00925njm 22002777a 4500</leader>
   <datafield ind2=" " ind1=" " tag="042">
      <subfield code="a">dc</subfield>
   </datafield>
   <datafield ind2=" " ind1=" " tag="720">
      <subfield code="a">Pallisera, Maria</subfield>
      <subfield code="e">author</subfield>
   </datafield>
   <datafield ind2=" " ind1=" " tag="720">
      <subfield code="a">Fullana Noell, Judit</subfield>
      <subfield code="e">author</subfield>
   </datafield>
   <datafield ind2=" " ind1=" " tag="720">
      <subfield code="a">Vilà Suñé, Montserrat</subfield>
      <subfield code="e">author</subfield>
   </datafield>
   <datafield ind2=" " ind1=" " tag="720">
      <subfield code="a">Castro Belmonte, Montse</subfield>
      <subfield code="e">author</subfield>
   </datafield>
   <datafield ind2=" " ind1=" " tag="720">
      <subfield code="a">Díaz Garolera, Gemma</subfield>
      <subfield code="e">author</subfield>
   </datafield>
   <datafield ind2=" " ind1=" " tag="720">
      <subfield code="a">Valls Gabernet, Maria Josep</subfield>
      <subfield code="e">author</subfield>
   </datafield>
   <datafield ind2=" " ind1=" " tag="720">
      <subfield code="a">Mejía Cajamarca, Paulina</subfield>
      <subfield code="e">author</subfield>
   </datafield>
   <datafield ind2=" " ind1=" " tag="260">
      <subfield code="c">2022-01-17T12:22:12Z</subfield>
   </datafield>
   <datafield ind2=" " ind1=" " tag="260">
      <subfield code="c">2022-01-17T12:22:12Z</subfield>
   </datafield>
   <datafield ind2=" " ind1=" " tag="260">
      <subfield code="c">2020</subfield>
   </datafield>
   <datafield ind2=" " ind1=" " tag="520">
      <subfield code="a">La transformación de los apoyos que reciben las personas con discapacidad inte-lectual hacia opciones personalizadas en que la persona recibe apoyo en su propio hogar hace que la evaluación de estos apoyos sea imprescindible para mejorarlos. El artículo presenta la guía GAS-VI, un instrumento para la evaluación de los apoyos personalizados en el ámbito de la vida independiente que se ofrecen a personas con discapacidad intelectual. Se organiza en torno a cuatro dimensiones: individual, interpersonal, organizativa y comunitaria, y recoge las valoraciones de los profesio-nales de apoyo y de las personas que lo reciben. El artículo presenta la fundamenta-ción teórica de la guía GAS-VI, el proceso de diseño y validación, y una descripción del contenido y material. La guía es un instrumento para ayudar a los profesionales a plantear mejoras de los apoyos orientadas al cumplimiento de los derechos de las personas con discapacidad intelectual.</subfield>
   </datafield>
   <datafield ind2=" " ind1=" " tag="520">
      <subfield code="a">Transforming the supports received by people with intellectual disabilities towards personalized options in which the person receives support in their own home makes essential the evaluation of these supports to improve them. The article presents the GAS-VI guide, an instrument for evaluating personalized supports in the field of independent living offered to people with intellectual disabilities. It is organised around  four  dimensions:  individual,  interpersonal,  organizational  and  community, and collects the assessments of the professionals providing support and people who receive it. The article presents the theoretical foundation of the GAS-VI guide, the design and validation process and a description of the content and material. The guide is an instrument to help professionals raise improvements in support aimed at fulfilling the rights of people with intellectual disabilities.</subfield>
   </datafield>
   <datafield ind1="8" ind2=" " tag="024">
      <subfield code="a">http://hdl.handle.net/10459.1/72758</subfield>
   </datafield>
   <datafield tag="653" ind2=" " ind1=" ">
      <subfield code="a">Discapacidad intelectual</subfield>
   </datafield>
   <datafield tag="653" ind2=" " ind1=" ">
      <subfield code="a">Vida independiente</subfield>
   </datafield>
   <datafield tag="653" ind2=" " ind1=" ">
      <subfield code="a">Apoyos</subfield>
   </datafield>
   <datafield tag="653" ind2=" " ind1=" ">
      <subfield code="a">Evaluación</subfield>
   </datafield>
   <datafield tag="653" ind2=" " ind1=" ">
      <subfield code="a">Derechos</subfield>
   </datafield>
   <datafield ind2="0" ind1="0" tag="245">
      <subfield code="a">Diseño de la guía GAS-VI para la evaluación del apoyo a la vida independiente de personas con discapacidad intelectual</subfield>
   </datafield>
   <datafield ind2="0" ind1="0" tag="245">
      <subfield code="a">Design of the guide GAS-VI for the assessment of the support to independent living of people with intellectual disabilities</subfield>
   </datafield>
</record></metadata></record></GetRecord></OAI-PMH>